000 00485nmm a2200169Ia 4500
008 251105s9999||||xx |||||||||||||||||und||
020 _a9789681616274
041 _aspa
100 _aNovo, Salvador
245 0 _aNuevo amor y otras poesías
264 _a[México D.C., Mexico] :
_bFondo de Cultura Económica,
_c2012
300 _a188 páginas
490 _aTezontle
650 _aLatin American poetry
856 _uhttps://public.digitaliapublishing.com/a/43149
942 _cCF
999 _c96770
_d96770